| 000 | 00694nam a2200229Ia 4500 | ||
|---|---|---|---|
| 003 | OSt | ||
| 005 | 20220923213931.0 | ||
| 006 | a|||||r|||| 00| 0 | ||
| 007 | ta | ||
| 008 | 220922b |||||||| |||| 00| 0 hin d | ||
| 024 | _a165,659 | ||
| 037 | _cTextual | ||
| 040 |
_aARTS _cARTS _bhin |
||
| 041 |
_2hin _ahin |
||
| 082 | _aO152:1J32:11, G5 | ||
| 100 |
_aतुलसीदास _9156277 |
||
| 245 | 0 | _aरामचनितमानस, सीताराम मिश्र संपा | |
| 246 | _aRāmachanitamānasa, sītārām mishra sanpā0 | ||
| 260 | _c1935 | ||
| 942 |
_hO152:1J32:11, G5 _cTEXL _2CC |
||
| 999 |
_c320138 _d320138 |
||